000 02317cam a22004934i 4500
003 PE-LiUPU
005 20250731173109.0
008 111218s2018 xxua rb 001 0 eng d
020 _a9780664264154
035 _a(Sirsi) a251020
040 _aPE-LiUPU
_bspa
_cPE-LiUPU
_erda
049 _aPRUA
082 0 4 _a270.6
_bP8
_223
245 0 4 _aThe Protestant Reformation of the church and the world /
_ceditores John Witte, Jr. y Amy Wheeler.
250 _aFirst edition.
264 1 _aLouisville :
_bWestminster John Knox Press,
_c2018.
300 _axxi, 278 páginas :
_bilustraciones ;
_c23 centímetros
336 _atext
_2rdacontent
337 _aunmediated
_2rdamedia
338 _avolume
_2rdacarrier
504 _aBibliografía : páginas 235-248.
504 _aÍndice : páginas 249-278.
505 0 _aThe Protestant (Re-)Reformations of the church and the world -- The gift of Sola Scriptura to the world -- Luther and the Gospel of John: a wisdom of surprise for our time -- An awkward witness in a worded world: music and the Reformation -- The European Reformation: advocacy of education and liberation -- Faith in law: the legal and political legacy of the Protestant Reformations -- "There will be no poor among you": the Reformation of charity and social welfare -- Worldly worship: the Reformation and economic ethics -- The Protestant ethic and the spirit of consumerism -- The Reformation and the future of Europe -- The challenges of sixteenth-century Europe and our global challenges today -- Postscript: The need for "reformed repentance".
526 _aSEG42
526 _aSEG41
526 _aSEG40
526 _aSEG39
526 _aP94
526 _aP87
526 _aP86
526 _aP85
526 _aP77
526 _aP76
526 _aP35
650 0 7 _aReformation
_xHistory.
700 1 _aWitte, John,
_eeditor.
700 1 _aWheeler, Amy,
_eeditor.
910 _adbm
_bksl
_cksl
_d20181211
942 _2ddc
_cBOOK
994 _aC0
_bPEPRU
596 _a1
999 _a270.6 P8
_wDEWEY
_c30475
_i79579
_f2021-11-11
_g4
_lCCODEBUL1
_mBUL
_p15.00
_r0
_sY
_tBOOK
_u2018-12-11
_xTEOLOGIA
_PP85
_0DONACION
_1FCOMPR2
_o.STAFF. Colección Teología
_d30475
980 _81
_gALBERTO SANCHEZ Responsable de Automatización